Totecáyotl: Aspectos de la Cultura Náhuatl /

Obra que Indaga los aspectos más sobresalientes de la cultura Náhuatl y su relación con otras culturas mesoamericanas. Incluye aspectos historiográficos prehispánicos; sobre el pensamiento mítico; sobre las ideas de número, tiempo y espacio entre los nahuas; sus concepciones sobre la educación, la l...

Повний опис

Збережено в:
Бібліографічні деталі
Автор: León-Portilla, Miguel (autor)
Формат: Книга
Мова:Іспанська
Предмети:
Теги: Додати тег
Немає тегів, Будьте першим, хто поставить тег для цього запису!

MARC

LEADER 00000nam^a2200000^a^4500
001 000031158
005 20250521000000.0
009 20260310085029.944
020 |a 968-16-0532-2 
037 |a Acervo ITESO - Biblioteca 
041 |a ESP 
082 |a 306. 1  |b LEO 
100 |a León-Portilla, Miguel  |e (autor) 
245 1 0 |a Totecáyotl: Aspectos de la Cultura Náhuatl /  |c M. León-Portilla. 
264 |a México :  |b Fondo de Cultura Económica,  |c 1987 
300 |a 466 p. 
336 |a texto  |b txt  |2 rdacontenido 
337 |a sin mediación  |b n  |2 rdamedio 
338 |a volumen  |b nc  |2 rdasoporte 
520 |a Obra que Indaga los aspectos más sobresalientes de la cultura Náhuatl y su relación con otras culturas mesoamericanas. Incluye aspectos historiográficos prehispánicos; sobre el pensamiento mítico; sobre las ideas de número, tiempo y espacio entre los nahuas; sus concepciones sobre la educación, la literatura, la organización social, el comercio, la minería, entre otros. 
649 |a XX 
650 |a Antropología Cultural -  |z México 
650 |a Antropología Cultural 
650 |a Nahuas -  |x Condiciones Sociales y Culturales 
910 |a Fondo General 
920 |a Impresos - Libros 
930 |a Colección General 
905 |a 101 
901 |a 0311580100  |b IT1  |c ACC  |i 031158  |u 20250521 
902 |a https://opac.biblio.iteso.mx/vufind/Record/000031158